000 00531nam#a2200217#c#4500
003 IEF
005 20180219150658.0
008 941205s1978 uuu####fr####| 0||u| |u
040 _aIEF
100 1 _aCozian, Maurice
_911505
245 _aPrecis de fiscalité des entreprises
250 _a3è. éd.
260 _aParis
_b Libraireis Techniques
_c1978
300 _a445 p.
_c 23 cm.
650 4 _aEMPRESAS
_943504
650 4 _aFRANCIA
_944475
650 4 _aIMPUESTOS
_947460
942 _cLIB
942 _z36205
999 _c9505
_d9505